000 00288nam a22001337a 4500
008 170927b xxu||||| |||| 00| 0 eng d
020 _a0870115995
041 _aeng
080 _a37
100 _a46
101 _aEDU
245 _aJAPANESE FOR BUSY PEOPLE
_cKODANSHA
942 _2udc
_cBK
999 _c30119
_d30119